| 000 | 00500nam a2200169 4500 | ||
|---|---|---|---|
| 001 | 120362 | ||
| 003 | ES-MaACL | ||
| 005 | 20230906191531.0 | ||
| 007 | t| | ||
| 008 | 070214s1976 sp r ||||1| spa d | ||
| 245 | 0 | 4 |
_aLos poetas en la guerra civil española / _cFernando Díaz-Plaja. |
| 260 |
_aBarcelona : _bPlaza & Janés, _c1976. |
||
| 300 |
_a124 p. ; _c19 cm. |
||
| 700 | 1 |
_aDíaz-Plaja, Fernando, _d1918-2012 _944396 |
|
| 852 |
_aES-MaACL _jA-5699 _bR.94645 |
||
| 999 |
_c120362 _d120362 |
||